African geography True or False - Statistics

General Stats
  • This quiz has been taken 40 times
  • The average score is 14 of 15
Answer Stats
Question Answer % Correct
The largest country in Africa is Sudan? False
100%
The country with the lowest gdp in Africa is Rwanda? False
100%
Pyramids in Africa are only located in Egypt? False
100%
Every country in Africa has been colonized? False
100%
French is mostly spoken in East African countries? False
100%
There are no other European languages spoken in Africa other than Spanish,German and French? False
100%
Lake Zambia is the largest lake in Africa? False
100%
The Gambia is a landlocked country? False
100%
The tallest mountain in Africa is located in Tanzania? True
100%
An African empire once had the world’s richest person? True
100%
The smallest border between two countries is located in Africa? True
100%
Has an African country ever hosted the FIFA world cup? True
100%
In some point of the year do penguins appear in Africa? True
100%
Some of Morocco’s land is also shared by another country? True
75%
Mozambique was once a colony of the German empire? True
25%
No matching quizzes found
Score Distribution
Percent of People with Each Score
Percentile by Number Answered
Your Score History
You have not taken this quiz